Oversimplified-Charecters - Statistics

General Stats
  • This quiz has been taken 60 times
  • The average score is 13 of 16
Answer Stats
Picture Answer % Correct
Joseph Stalin
100%
Napoleon Bonaparte
100%
Abraham Lincoln
98%
John F. Kennedy
98%
George Washington
96%
Winston Churchill
96%
Vladimir Lenin
91%
Richard Nixon
89%
Benito Musssolini
81%
Dwight Eisenhower
80%
Harry Truman
78%
Douglass McArthur
69%
John Brown
61%
Maximilien Robespierre
61%
Nikita Khrushchev
57%
Preston Brooks
9%
No matching quizzes found
Score Distribution
Percent of People with Each Score
Percentile by Number Answered
Your Score History
You have not taken this quiz